| 000 | 00735 a2200157 4500 | ||
|---|---|---|---|
| 003 | Nust | ||
| 005 | 20170207154214.0 | ||
| 040 | _cNust | ||
| 082 | _a378.4 | ||
| 245 |
_aEdinburgh College of Art _bEdinburgh College of Art |
||
| 260 |
_aLauriston _bEdinburgh College of Art _c1999-2001 |
||
| 300 | _a132 p. | ||
| 505 | _aPrincipal ,s Foreword (page-2) Exhibitions and Events (page-3) The City of Edinburgh (page-4) Faculty of Art & Design (page-15) Faculty of Environmental Studies (page-70) Further Information (page-96) Centre for Continuing Studies (page-124) Staff and Contact Addresses (page-129) How to get Here (page-130) Acknowledgements and Regulations (page-131) | ||
| 538 | _aAlmirah No. 117 Shelf No. 2 | ||
| 650 | _aUG Prospectus | ||
| 942 |
_2ddc _cBK |
||
| 999 |
_c195037 _d195037 |
||